Score 0/30 Timer 06:00
8 Plays Today
% Correct
George Washington (1789-1797)
97.3%
John Adams (1797-1801)
88.7%
Mexico (1846)
88.1%
Thomas Jefferson (1801-1809)
86.8%
Germany (1917)
83.1%
United Kingdom (1812)
81.8%
Great Pyramid of Giza (2584–2561 BCE)
76.6%
United States (1776)
74.8%
Mexico (1810)
73.1%
Spain (1898)
71.8%
James Madison (1809-1817)
68.5%
Han (206 BCE-220 CE)
68.4%
James Monroe (1817-1825)
66.7%
Hanging Gardens of Babylon (c. 600 BCE)
58.3%
Qin (221-206 BCE)
45.5%
% Correct
Colombia (1810)
43.9%
Haiti (1804)
42.4%
Ecuador (1809)
28.5%
Normandy (1066-1135)
27.2%
Angevin (1154-1216)
24.4%
Austria-Hungary (1917)
23.9%
Statue of Zeus at Olympia (c. 450 BCE)
20.1%
Temple of Artemis at Ephesus (c. 550 BCE)
18%
Mausoleum at Halicarnassus (351 BCE)
17.1%
Wessex (802-1016, 1042-1066)
14.4%
Xia (c. 2100-1600 BCE)
11.5%
Shang (c. 1600-1050 BCE)
10%
Zhou (c. 1046-256 BCE)
9.8%
Denmark (1016-1042)
9.4%
Blois (1135-1154)
6.7%

You're not logged in!

Compare scores with friends on all Sporcle quizzes.
OR
Log In

Sporcle TV

Today on Sporcle TV


Watch our educational content, quiz creation guides, and fun videos on Sporcle TV.

Show Comments

Extras

Top Quizzes Today


Score Distribution

Paid Content

Your Account Isn't Verified!

In order to create a playlist on Sporcle, you need to verify the email address you used during registration. Go to your Sporcle Settings to finish the process.

Report this User

Report this user for behavior that violates our Community Guidelines.

Details: